00269nam a22000977a 4500008004100000082001200041110001700053245007600070260001700146300000800163230620b xxu||||| |||| 00| 0 eng d a323bUN bUNESCOd2000 aHuman RightsbMajor international InstrumentscStatus as at 31 May 2000 bUNESCOc2000 a36p